Les passifs de League of Legends - Statistiques

Statistiques générales
  • Ce quiz a été pris 24 fois
  • Le résultat moyen est 65 sur 171
Statistiques - réponses
Passif Champion % Correct
Tir dans la tête Caitlyn
87%
League of Draven Draven
87%
Marque de Kindred Kindred
87%
Plumes perçantes Xayah
87%
Jardin de ronces Zyra
87%
Héritage de Shurima Azir
80%
Ami de la forêt Ivern
80%
Faux des Darkin Kayn
80%
Pix, le compagnon féerique Lulu
80%
Rage du berserker Olaf
80%
Fureur des Xer'Sai Rek'Sai
80%
Dé pipé Twisted Fate
80%
Chat-maraderie Yuumi
80%
Tir givrant Ashe
73%
Reine araignée Elise
73%
Danse de la duelliste Fiora
73%
Skaarl, le lézard froussard Kled
73%
Forgeron ambulant Ornn
73%
Don des noyés Pyke
73%
Roi de l'arène Sett
73%
Sillage toxique Singed
73%
Dragon en herbe Smolder
73%
Surf tellurique Taliyah
73%
Glorieuse évolution Viktor
73%
Berger des âmes Yorick
73%
Créateur cosmique Aurelion Sol
67%
Flammes Brand
67%
Grâce serpentine Cassiopeia
67%
Épouvantable épouvantail Fiddlesticks
67%
Ferveur ionienne Irelia
67%
Zéphyr Janna
67%
Capaciteur Hextech Jayce
67%
La meute s'agrandit Naafiri
67%
Plumes enchantées Rakan
67%
Carapace cloutée Rammus
67%
Prédateur invisible Rengar
67%
Lame runique Riven
67%
Fureur d'enfant de dragon Shyvana
67%
Nuée de corbeaux Swain
67%
Pacte de sang Vladimir
67%
Division cellulaire Zac
67%
Il va où il veut Dr. Mundo
60%
Pistolero Lucian
60%
Sève magique Maokai
60%
Joie éternelle Nilah
60%
Temps dans une bouteille Zilean
60%
Frappe colossale Galio
53%
Galop Hecarim
53%
Déni de mort Karthus
53%
Image miroir LeBlanc
53%
Rayon de soleil Leona
53%
Bouclier de granit Malphite
53%
Fureur du Nord Sejuani
53%
Gloire posthume Sion
53%
Goût acquis Tahm Kench
53%
Chasseresse nocturne Vayne
53%
Pouvoir maléfique phénoménal Veigar
53%
Afflux de mana Xerath
53%
Voie du vagabond Yasuo
53%
Batterie vivante Zeri
53%
Mèche courte Ziggs
53%
Pyromanie Annie
47%
Barrière de mana Blitzcrank
47%
Tournée Gragas
47%
Affinité Hextech Heimerdinger
47%
Prophétesse d'un dieu ancestral Illaoi
47%
Marque de tempête Kennen
47%
Bâton chargé de rêves Lillia
47%
Tempête impitoyable Volibear
47%
Renaissance Anivia
40%
Mer de lavande Bel'Veth
40%
Carnivore Cho'Gath
40%
Plaie béante Darius
40%
Mille coupures Gwen
40%
Illumination Lux
40%
Déferlantes Nami
40%
Traîtrise Shaco
40%
Barrière de ki Shen
40%
Canalisation des esprits Udyr
40%
Marque d'assassin Akali
33%
Toucher maudit Amumu
33%
Le Tueur et l'Oracle Aphelios
33%
Coups étourdissants Braum
33%
Lame sélène Diana
33%
Enthousiasme ! Jinx
33%
Seconde peau Kai'Sa
33%
Pierre du Néant Kassadin
33%
Ascension divine Kayle
33%
Coup double Maître Yi
33%
Titan de bric-à-brac Rumble
33%
Maîtrise des arcanes Ryze
33%
Accord de puissance Sona
33%
Guérilla Teemo
33%
Venin mortel Twitch
33%
Peau de pierre Wukong
33%
Ruée des chiens-dragons Ambessa
27%
Munitions Hextech Corki
27%
Rézonance Ekko
27%
Signature du visionnaire Hwei
27%
Murmure Jhin
27%
Tout feu tout flamme Milio
27%
Appel de Freljord Nunu & Willump
27%
Règne de la colère Renekton
27%
Présence sur scène Séraphine
27%
Volée de pétricite Sylas
27%
Saignée fatale Talon
27%
Tribut du roi Trundle
27%
Soif inextinguible Warwick
27%
Posture du massacreur Aatrox
20%
Combattant agile Fizz
20%
Rage génique Gnar
20%
Surprise d'Icathia Kog'Maw
20%
Plan du Néant Malzahar
20%
Cœur volage Miss Fortune
20%
Mangeur d'âmes Nasus
20%
Mirage inné Neeko
20%
Lames d'ombre Nocturne
20%
Ambassadrice de fer Poppy
20%
Privilège royal Qiyana
20%
Mille-pattes Sivir
20%
Tir de précision Tristana
20%
Décomposition organique Vel'Koz
20%
Malheur et désespoir Vex
20%
Voie du chasseur Yone
20%
Mépris des faibles Zed
20%
Plus d'étincelles ! Zoé
20%
Vol essentiel Ahri
13%
Instinct du voyageur Bard
13%
Protection modulable Camille
13%
Ombre démoniaque Evelynn
13%
Épreuve du feu Gangplank
13%
Cadence martiale Jarvan IV
13%
Menace invisible Kha'Zix
13%
Rafale Lee Sin
13%
Emprise de la sublimée Lissandra
13%
Vortex de ténèbres Mordekaiser
13%
Siphon d'âme Morgana
13%
Busard Quinn
13%
Mise en pièces Rell
13%
Salut Soraka
13%
Transcendance Syndra
13%
Plastronneur Taric
13%
Vague de violence Tryndamere
13%
Vengeance incarnée Varus
13%
Bouclier antichoc Vi
13%
Assujettissement Viego
13%
Fourberie Akshan
7%
Cri triomphant Alistar
7%
Malédiction écarlate Briar
7%
Force grandissante Ezreal
7%
Persévérance Garen
7%
Nouvelle destinée Graves
7%
Acharnement Jax
7%
Maintien martial Kalista
7%
Concentration ardente Karma
7%
Luminescence incandescente Mel
7%
Coup écrasant Nautilus
7%
Prédateur Nidalee
7%
Remontoir Orianna
7%
Ardeur mortelle Pantheon
7%
Pression Renata Glasc
7%
Élan téméraire Samira
7%
Absolution Senna
7%
Échos des vibrations Skarner
7%
Damnation Thresh
7%
Flammes purificatrices Urgot
7%
Serment aux terres premières Yunara
7%
Abjuration spirituelle Aurora
0%
Voracité Katarina
0%
Instinct intrépide K'Sante
0%
Détermination Xin Zhao
0%
Aucun quiz correspondant
Distribution des résultats
% des personnes avec chaque résultat
Percentile par nombre de réponses
Votre historique - résultats
Vous n’avez pas pris ce quiz